Des musées au-dessus de tout soupçon (notice n° 2198078)

détails MARC
000 -LEADER
fixed length control field 01387cam a2200133 4500500
005 - DATE AND TIME OF LATEST TRANSACTION
control field 20260405085511.0
041 ## - LANGUAGE CODE
Language code of text/sound track or separate title fre
042 ## - AUTHENTICATION CODE
Authentication code dc
100 10 - MAIN ENTRY--PERSONAL NAME
Personal name Gob, André
Relator term author
245 00 - TITLE STATEMENT
Title Des musées au-dessus de tout soupçon
260 ## - PUBLICATION, DISTRIBUTION, ETC.
Name of publisher, distributor, etc. Armand Colin,<br/>
Date of publication, distribution, etc. 2007.<br/>
520 ## - SUMMARY, ETC.
Summary, etc. Les musées face à la guerre, voilà un sujet encore peu exploré, car il conduit à affronter des questions complexes, quand ce n’est pas à revenir sur des réalités scabreuses… Comment, au fil de l’histoire, les musées ont-ils anticipé la menace de destruction ou de pillage&amp;#8239;? Quels dommages ont-ils vraiment subis&amp;#8239;?Au-delà, comment ont-ils transigé, voire coopéré avec les occupants et servi leur propagande&amp;#8239;? Comment ont-ils, le cas échant, tiré parti des situations créées pour enrichir leur collections&amp;#8239;? Comment ont-ils gérés les après-guerre et les demandes de restitution&amp;#8239;? Cet ouvrage, le premier à présenter l’ensemble de ce pan obscur de notre histoire culturelle (avec ces deux «moments» clés que furent les conquêtes napoléonniennes et l’horreur nazie), se nourrit d’une véritable réflexion sur les dangers de l’asservissement aux pouvoirs de la passion de collectionner.
856 41 - ELECTRONIC LOCATION AND ACCESS
Uniform Resource Identifier <a href="https://shs.cairn.info/des-musees-au-dessus-de-tout-soupcon--9782200350994?lang=fr&redirect-ssocas=7080">https://shs.cairn.info/des-musees-au-dessus-de-tout-soupcon--9782200350994?lang=fr&redirect-ssocas=7080</a>

Pas d'exemplaire disponible.

PLUDOC

PLUDOC est la plateforme unique et centralisée de gestion des bibliothèques physiques et numériques de Guinée administré par le CEDUST. Elle est la plus grande base de données de ressources documentaires pour les Étudiants, Enseignants chercheurs et Chercheurs de Guinée.

Adresse

627 919 101/664 919 101

25 boulevard du commerce
Kaloum, Conakry, Guinée

Réseaux sociaux

Powered by Netsen Group @ 2025